[Event "Julian Mazur Memorial"]
[Site "Wellington Chess Club"]
[Date "2020.07.23"]
[Round "6.24"]
[White "Wang, Cheng Qi(Max)"]
[Black "Osborne, Geoff"]
[Result "0-1"]
[WhiteElo "1500"]
[BlackElo "1287"]

1. e4 d6 2. d4 Nf6 3. Nc3 g6 4. Bf4 Bg7 5. e5 Nfd7 6. exd6 cxd6 7. Bb5 a6 8.
Ba4 O-O 9. Nf3 b5 10. Bb3 Bb7 11. O-O e5 12. dxe5 dxe5 13. Be3 Nc6 14. Re1 Rc8
15. Qe2 Nd4 16. Nxd4 exd4 17. Qd3 Nc5 18. Qd2 Nxb3 19. axb3 dxe3 20. Qxd8 exf2+
21. Kxf2 Rcxd8 22. Rad1 Rxd1 23. Rxd1 Bf6 24. Nd5 Bxd5 25. Rxd5 Bxb2 26. c4
bxc4 27. bxc4 Rc8 28. Rd2 Bc3 29. Ra2 Rxc4 30. Rxa6 Bd4+ 31. Kf1 Rc2 32. Ra8+
Kg7 33. Rd8 Bf6 34. Rd1 h5 35. Re1 Ra2 36. Re2 Rxe2 37. Kxe2 g5 38. Kf3 Kg6 39.
g4 hxg4+ 40. Kxg4 Be5 41. h4 gxh4 42. Kxh4 Kf5 43. Kh3 Kf4 44. Kg2 f5 45. Kf2
Kg4 46. Ke3 Kg3 47. Kd3 f4 48. Ke4 Bc7 49. Kd3 Kg2 50. Ke2 f3+ 51. Ke1 f2+ 52.
Ke2 f1=Q+ 53. Ke3 Qf4+ 54. Kd3 Kf2 55. Kc3 Ke2 56. Kc2 Qd4 57. Kb3 Kd2 58. Ka3
Kc3 59. Ka2 Qb4 60. Ka1 Qb2# 0-1

[Event "Julian Mazur Memorial"]
[Site "Wellington Chess Club"]
[Date "2020.07.23"]
[Round "6.25"]
[White "Dunlop, Rafe"]
[Black "Asher, Bruce"]
[Result "1-0"]
[WhiteElo "1397"]
[BlackElo "1187"]

1. e4 Nc6 2. Nf3 e5 3. Bb5 a6 4. Ba4 Nf6 5. O-O Nxe4 6. Re1 Nc5 7. Bxc6 dxc6 8.
Nxe5 Be6 9. d4 Nd7 10. c4 Bb4 11. Nc3 O-O 12. Qd3 Qf6 13. a3 Bd6 14. Qe4 Rfe8
15. f4 Rad8 16. c5 Bf5 17. Qf3 Nxc5 18. dxc5 Bxc5+ 19. Be3 Bd6 20. Bd4 c5 21.
Nd5 Qh4 22. Bc3 f6 23. Nc4 Bg4 24. Qf2 Qh5 25. Nxd6 Rxd6 26. Nxc7 Re2 27. Rxe2
Bxe2 28. Re1 Bg4 29. Qg3 Be2 30. Ne8 Qxe8 31. Kf2 Re6 32. f5 Re4 33. Bxf6 Qf7
34. Bxg7 Qxf5+ 35. Kg1 Rg4 36. Qb8+ Kf7 37. Qf8+ Kg6 38. Rxe2 Qb1+ 39. Kf2 Kh5
40. Re5+ Kh4 41. Qf6+ Rg5 42. Qxg5# 1-0

[Event "Julian Mazur Memorial"]
[Site "Wellington Chess Club"]
[Date "2020.07.30"]
[Round "7.1"]
[White "Croad, Nicolas"]
[Black "Wojnar, Jacek"]
[Result "1-0"]
[WhiteElo "2440"]
[BlackElo "2052"]

1. d4 d5 2. c4 e6 3. Nf3 Nf6 4. Nc3 c5 5. cxd5 cxd4 6. Qxd4 Nxd5 7. Nxd5 Qxd5
8. Qxd5 exd5 9. Bd2 Nc6 10. Bc3 Bb4 11. Bxb4 Nxb4 12. Nd4 Be6 13. e3 a6 14. Be2
Kd7 15. f4 Nc6 16. Rd1 Nxd4 17. Rxd4 Ke7 18. Kd2 Rac8 19. Bd3 f6 20. Re1 f5 21.
Rb4 Rc7 22. Rc1 Rhc8 23. Rxc7+ Rxc7 24. a3 Bd7 25. Rb6 g6 26. Be2 Bc6 27. Bf3
Kd6 28. Rb3 Ba4 29. Rc3 Rxc3 30. Kxc3 a5 31. b3 Bc6 32. Kd4 b6 33. h3 h6 34.
Be2 Ke6 35. Ba6 Kd6 36. Bc8 Ba8 37. b4 axb4 38. axb4 Bc6 39. g3 Ba4 40. Bb7 Bc6
41. Ba6 Ba4 42. Bd3 Bd1 43. Bb1 Bf3 44. Bc2 Be2 45. h4 Bf1 46. h5 gxh5 47. Bxf5
Be2 48. Bg6 Bf3 49. Bf7 Kc6 50. Ke5 Kb5 51. Bxd5 1-0

[Event "Julian Mazur Memorial"]
[Site "Wellington Chess Club"]
[Date "2020.07.30"]
[Round "7.2"]
[White "Pomeroy, Arthur"]
[Black "Ker, Anthony"]
[Result "1/2-1/2"]
[WhiteElo "2021"]
[BlackElo "2437"]

1. e4 c5 2. Nf3 g6 3. d4 cxd4 4. Nxd4 Nc6 5. Nc3 Bg7 6. Be3 Nf6 7. Bc4 O-O 8.
Bb3 a5 9. O-O d6 10. h3 Nxd4 11. Bxd4 Bd7 12. a3 Bc6 13. Qd3 Nd7 14. Bxg7 Kxg7
15. Qd4+ Kg8 16. Rad1 Qb6 17. Nd5 Bxd5 18. Bxd5 Rac8 19. Qxb6 Nxb6 20. c3 Nc4
21. Bxc4 Rxc4 22. Rfe1 Rc5 23. Rd5 Rfc8 24. Red1 f5 25. exf5 gxf5 26. b4 axb4
27. axb4 Rxc3 28. Rxf5 Rb3 29. Rd4 1/2-1/2

[Event "Julian Mazur Memorial"]
[Site "Wellington Chess Club"]
[Date "2020.07.30"]
[Round "7.3"]
[White "Dive, Russell"]
[Black "Russell, Athula"]
[Result "1-0"]
[WhiteElo "2414"]
[BlackElo "2250"]

1. Nf3 d5 2. c4 c6 3. g3 Nf6 4. Bg2 Bf5 5. cxd5 cxd5 6. Qb3 Qc8 7. Nc3 Nc6 8.
Nxd5 Nxd5 9. Qxd5 e6 10. Qb3 Bc5 11. O-O O-O 12. d3 e5 13. Bd2 Qd7 14. Rac1 Bb6
15. Bc3 Rfe8 16. Rfe1 Nd4 17. Bxd4 exd4 18. Rc2 Rad8 19. Qb4 Qe6 20. a4 Rd7 21.
a5 Bd8 22. Nxd4 Qe5 23. Nxf5 Qxf5 24. Ra1 Rde7 25. Be4 Qh3 26. Qb5 g6 27. Rac1
Kg7 28. b4 h5 29. Qd5 h4 30. Qd4+ f6 31. Bg2 Qf5 32. e4 Qb5 33. Rc5 Qa6 34. Rc8
1-0

[Event "Julian Mazur Memorial"]
[Site "Wellington Chess Club"]
[Date "2020.07.30"]
[Round "7.4"]
[White "Forster, Bill"]
[Black "Wojnar, Maciej"]
[Result "1/2-1/2"]
[WhiteElo "2019"]
[BlackElo "2120"]

1. e4 Nf6 2. e5 Nd5 3. Nc3 e6 4. Nxd5 exd5 5. b3 d6 6. Nf3 dxe5 7. Nxe5 Bd6 8.
Bb2 O-O 9. Be2 Re8 10. d4 f6 11. Nf3 Qe7 12. Kf1 Nc6 13. c3 Bg4 14. Qc2 Qf7 15.
h3 Qh5 16. Ng1 Bxe2+ 17. Nxe2 Re4 18. Re1 Rae8 19. Bc1 Nd8 20. Be3 f5 21. Ng1
f4 22. Bd2 Rxe1+ 23. Bxe1 Nf7 24. g4 fxg3 25. fxg3 Ng5 26. Rh2 Rf8+ 27. Rf2
Rxf2+ 28. Qxf2 Nxh3 29. Qf3 Qxf3+ 30. Nxf3 Be7 31. Bd2 h6 32. Kg2 Ng5 33. Bxg5
hxg5 34. Ne5 Bf6 35. Nd3 Kf7 36. Kf3 b6 37. Nb4 Ke6 38. Kg4 c5 39. Nc6 cxd4 40.
cxd4 a5 41. Na7 Bxd4 42. Kxg5 Be5 43. Kg4 d4 44. Kf3 Kd5 45. g4 Kc5 46. g5 Kd5
47. Nc8 b5 48. Ne7+ Ke6 49. Nc6 Kf5 50. Nxa5 Kxg5 51. Nc6 Kf5 52. a4 bxa4 53.
bxa4 g5 54. Nxe5 Kxe5 55. a5 Kd5 56. a6 Kc6 57. a7 Kb7 58. Ke4 1/2-1/2

[Event "Julian Mazur Memorial"]
[Site "Wellington Chess Club"]
[Date "2020.07.30"]
[Round "7.5"]
[White "Wastney, Scott"]
[Black "Jackson, Ross"]
[Result "1-0"]
[WhiteElo "2438"]
[BlackElo "2030"]

1. e4 c5 2. Nf3 d6 3. Bb5+ Nd7 4. a4 Nf6 5. Nc3 e6 6. O-O Be7 7. a5 O-O 8. d4
cxd4 9. Qxd4 Qc7 10. Rd1 a6 11. Be2 e5 12. Qc4 Qc6 13. Be3 h6 14. h3 Kh7 15.
Nd2 Bd8 16. Qxc6 bxc6 17. Nc4 Nxe4 18. Nxe4 d5 19. Nc5 Bc7 20. Nxd7 Bxd7 21.
Nb6 1-0

[Event "Julian Mazur Memorial"]
[Site "Wellington Chess Club"]
[Date "2020.07.30"]
[Round "7.6"]
[White "Winter, Ryan"]
[Black "He, Caleb"]
[Result "1-0"]
[WhiteElo "2166"]
[BlackElo "1862"]

1. e4 c5 2. Nc3 Nc6 3. Bb5 g6 4. Bxc6 dxc6 5. d3 Bg7 6. f4 e5 7. Nf3 exf4 8.
Bxf4 Nf6 9. Qd2 O-O 10. O-O Re8 11. Rae1 b6 12. Kh1 Bb7 13. Bh6 Qc7 14. Bxg7
Kxg7 15. e5 Nd7 16. Qf4 Re7 17. Re4 Rae8 18. Rfe1 b5 19. h4 c4 20. h5 h6 21.
hxg6 fxg6 22. Qg3 b4 23. Nh4 Re6 24. Ne2 Nxe5 25. Nf4 Rf6 26. Nh5+ Kf7 27. Nxf6
Kxf6 28. Rxe5 Rxe5 29. Qxg6+ Ke7 30. Qg7+ 1-0

[Event "Julian Mazur Memorial"]
[Site "Wellington Chess Club"]
[Date "2020.07.30"]
[Round "7.7"]
[White "He, Paul"]
[Black "Ackroyd, William"]
[Result "0-1"]
[WhiteElo "1911"]
[BlackElo "1439"]

1. c4 c6 2. g3 d5 3. Bg2 Nf6 4. d4 e6 5. e3 dxc4 6. Na3 Bxa3 7. bxa3 Qa5+ 8.
Kf1 Nbd7 9. Ne2 O-O 10. Qc2 Qa6 11. a4 Nb6 12. Nc3 Nfd5 13. Ba3 Rd8 14. Ne4 c3+
15. Kg1 Qxa4 16. Qb3 Qc4 17. Bf1 Qxb3 18. axb3 a5 19. Bc5 a4 20. b4 Nd7 21. Bc4
b6 22. Bd6 N7f6 23. Bxd5 Nxd5 24. Be5 f6 25. Bf4 g5 26. Bd6 f5 27. Nf6+ Nxf6
28. Be7 Rf8 29. Bxf8 Kxf8 30. Kg2 Bb7 31. f3 Nd5 32. e4 Nc7 33. Kf2 Nb5 34. Ke3
a3 35. h4 f4+ 36. gxf4 gxf4+ 37. Kxf4 Nxd4 38. Ra2 c2 39. Ke3 c5 40. bxc5 bxc5
41. f4 Ra4 42. Rc1 Ba6 43. Kd2 Nb3+ 44. Kxc2 Nxc1 45. Kxc1 Ke7 46. Kc2 Bb7 47.
e5 Bd5 48. Ra1 Rxf4 49. Rxa3 Kf7 50. h5 Kg7 51. Ra7+ Rf7 52. Ra5 c4 0-1

[Event "Julian Mazur Memorial"]
[Site "Wellington Chess Club"]
[Date "2020.07.30"]
[Round "7.8"]
[White "Winsley, Nicholas"]
[Black "Stone, Andrew"]
[Result "1/2-1/2"]
[WhiteElo "1566"]
[BlackElo "2043"]

1. d4 Nf6 2. c4 g6 3. Nc3 d5 4. cxd5 Nxd5 5. e4 Nxc3 6. bxc3 Bg7 7. Bc4 c5 8.
Ne2 Nc6 9. Be3 O-O 10. O-O Bg4 11. f3 Na5 12. Bd3 cxd4 13. cxd4 Be6 14. Qa4 a6
15. Rac1 b5 16. Qc2 Rc8 17. Qd2 Nc4 18. Bxc4 Bxc4 19. Rfd1 Qd6 20. Nc3 Rfd8 21.
Kh1 Qa3 22. Rc2 Bxa2 23. Rxa2 Qxc3 24. Qxc3 Rxc3 25. Bf2 Bxd4 26. h4 e5 27.
Rxa6 Rcc8 28. Bxd4 exd4 29. Rb6 Rc5 30. Kh2 f5 31. exf5 Rxf5 32. Rd3 Re5 33. g4
Re3 34. Rxe3 dxe3 35. Rxb5 Re8 36. Rb1 h5 37. g5 Kf7 38. Re1 Re5 39. Kg3 Ke6
40. f4 Re4 1/2-1/2

[Event "Julian Mazur Memorial"]
[Site "Wellington Chess Club"]
[Date "2020.07.30"]
[Round "7.9"]
[White "Jelley, Arch"]
[Black "Sole, Michael"]
[Result "1-0"]
[WhiteElo "1500"]
[BlackElo "2000"]

1. d4 d5 2. c4 e6 3. Bf4 Nf6 4. e3 b6 5. Nc3 Bb7 6. Nf3 Be7 7. Qc2 O-O 8. a3 c5
9. Rd1 cxd4 10. Nxd4 Nbd7 11. Bg3 Rc8 12. cxd5 Nxd5 13. Bd3 g6 14. h4 Bxa3 15.
h5 Nb4 16. Qe2 Nxd3+ 17. Rxd3 Ba6 18. hxg6 fxg6 19. Nxe6 Qf6 20. Nxf8 Bxf8 21.
Qg4 Bxd3 22. Qxd7 Qf7 23. Qxc8 b5 24. Bd6 b4 25. Nd5 h5 26. Qxf8+ Qxf8 27. Bxf8
Kxf8 28. Nxb4 Be4 29. f3 Bf5 30. Rh4 Ke7 31. Re4+ 1-0

[Event "Julian Mazur Memorial"]
[Site "Wellington Chess Club"]
[Date "2020.07.30"]
[Round "7.10"]
[White "Symon, Christopher"]
[Black "Langford, Josh"]
[Result "1-0"]
[WhiteElo "1500"]
[BlackElo "1413"]

1. Nf3 f5 2. c4 Nf6 3. Nc3 g6 4. d4 Bg7 5. Bg5 h6 6. Bxf6 Bxf6 7. e4 d6 8. Qb3
fxe4 9. Nxe4 Nd7 10. Bd3 e5 11. c5 exd4 12. Nxd6+ 1-0

[Event "Julian Mazur Memorial"]
[Site "Wellington Chess Club"]
[Date "2020.07.30"]
[Round "7.11"]
[White "Tanoi, Edward"]
[Black "Ashe, Michael"]
[Result "1-0"]
[WhiteElo "1947"]
[BlackElo "1748"]

1. d4 Nf6 2. c4 e6 3. Nf3 d5 4. Nc3 Bb4 5. Bg5 h6 6. Bh4 $2 (6. Bxf6) 6... dxc4
7. e4 $2 {losing another pawn and now Black has a big advantage.} 7... g5 8.
Bg3 Nxe4 9. Qc2 Nxg3 10. hxg3 b5 11. a4 c6 12. Be2 ( {I considered} 12. axb5
cxb5 13. Qe4 {but after} 13... Qd5 14. Nxg5 Qxe4+ 15. Nxe4 Bb7 {the position
without queens held even less hope} ) 12... Bb7 13. O-O a6 14. Rfd1 O-O 15. Ne4
Qe7 16. Nh2 (16. Ne5 $1) 16... Nd7 17. Bf3 Nb6 (17... f5 $1) 18. axb5 cxb5 19.
Nf6+ Qxf6 20. Bxb7 Rab8 21. Ng4 Qg6 $6 {swapping off queens  is a good idea but
White will hardly allow it}  (21... Qg7 {avoids the dangerous  initiative White
is now able to develop} ) 22. Be4 f5 $2 {tempting move but throws  away the
advantage.}  (22... Qg7) 23. Ne5 Qh7 24. Nc6 $6 (24. Bc6 {with equality} )
24... fxe4 25. Nxb4 Nd5 26. Nxa6 Rb6 27. Nc5 Nb4 28. Qe2 Nd3 29. Nxe4 Nxb2 30.
Ra8 Kg7 $2 {a serious error under time trouble}  (30... Qg7) 31. Ra7+ Rf7 32.
Rxf7+ Kxf7 33. Ra1 Na4 34. Ra3 Kg6 35. Rf3 Qd7 36. Rf6+ Kg7 37. Qh5 Kg8 38.
Qxh6 Rb8 39. Rg6+ Kf7 40. Rg7+ Ke8 41. Qh8# 1-0

[Event "Julian Mazur Memorial"]
[Site "Wellington Chess Club"]
[Date "2020.07.30"]
[Round "7.12"]
[White "Laking, Robert"]
[Black "Marney, John"]
[Result "1-0"]
[WhiteElo "1944"]
[BlackElo "1660"]

1. d4 d5 2. c4 e6 3. Nf3 Nf6 4. Nc3 Be7 5. Qc2 O-O 6. e4 dxe4 7. Nxe4 Nbd7 8.
Ng3 c5 9. Be3 Qa5+ 10. Qc3 Qxc3+ 11. bxc3 Re8 12. Bd3 cxd4 13. cxd4 h6 14. O-O
Nb6 15. a4 Bd7 16. a5 Nc8 17. Ne5 Rd8 18. c5 Nd5 19. Rab1 Bc6 20. Nxc6 bxc6 21.
Ba6 Rd7 22. Bb7 Rb8 23. Bxc6 Rxb1 24. Rxb1 Rc7 25. Ba4 Bf8 26. a6 Nce7 27. Rb7
Kh7 28. Bf4 Rc8 29. Bd7 Rd8 30. Bb8 Nc8 31. Ne4 Nde7 32. Nd2 Nc6 33. Bxc6 Rxd4
34. Nf1 Bxc5 35. Rxf7 Ne7 36. Bxa7 Bxa7 37. Rxe7 Bc5 38. a7 1-0

[Event "Julian Mazur Memorial"]
[Site "Wellington Chess Club"]
[Date "2020.07.30"]
[Round "7.13"]
[White "Rossiter, Philip"]
[Black "Van der Hoorn, Thomas"]
[Result "1/2-1/2"]
[WhiteElo "1885"]
[BlackElo "1522"]

1. c4 Nf6 2. g3 d5 3. cxd5 Nxd5 4. Bg2 e5 5. Nc3 Be6 6. d3 Nc6 7. Nf3 Bb4 8.
Bd2 O-O 9. O-O Qd7 10. Ng5 Nxc3 11. bxc3 Bc5 12. Nxe6 Qxe6 13. Rb1 Bb6 14. Qb3
Qd7 15. Qb5 Rfe8 16. a4 e4 17. d4 a6 18. Qb3 Rad8 19. Qc2 Qd5 20. e3 Na5 21. f3
exf3 22. Rxf3 Nc4 23. Rf5 Qe6 24. Rbf1 Nxe3 25. Bxe3 Qxe3+ 26. Kh1 Rf8 27. Rh5
g6 28. Re5 Qh6 29. Qe4 c6 30. Re7 Rb8 31. d5 cxd5 32. Qxd5 Qg7 33. Rxb7 Rbd8
34. Qb3 Ba5 35. Bd5 Qxc3 36. Rbxf7 Rxf7 37. Bxf7+ Kg7 38. Qxc3+ Bxc3 1/2-1/2

[Event "Julian Mazur Memorial"]
[Site "Wellington Chess Club"]
[Date "2020.07.30"]
[Round "7.14"]
[White "Mukherjee, Raash"]
[Black "Webster, Jamie"]
[Result "1/2-1/2"]
[WhiteElo "1500"]
[BlackElo "1747"]

1. e4 e5 2. Nf3 Nc6 3. Bc4 Bc5 4. c3 Nf6 5. d4 exd4 6. cxd4 Bb4+ 7. Bd2 Bxd2+
8. Nbxd2 d5 9. exd5 Nxd5 10. Bxd5 Qxd5 11. Qb3 Qxb3 12. Nxb3 Be6 13. Nc5 O-O-O
14. Nxe6 fxe6 15. O-O-O Rd6 16. Rhe1 h6 17. Re4 Rhd8 18. Rde1 Nxd4 19. Nxd4
Rxd4 20. Rxd4 Rxd4 21. Rxe6 Rg4 22. g3 Kd7 23. Re3 c5 24. Kd2 Ra4 25. a3 Rd4+
26. Kc3 b5 27. b4 Rc4+ 28. Kb3 a6 29. Rc3 Rxc3+ 30. Kxc3 c4 31. Kd4 Ke6 32. g4
Kf6 33. f4 h5 34. h3 g6 35. Kc3 1/2-1/2

[Event "Julian Mazur Memorial"]
[Site "Wellington Chess Club"]
[Date "2020.07.30"]
[Round "7.15"]
[White "Stracy, Don"]
[Black "Chin-Shong, David"]
[Result "0-1"]
[WhiteElo "1696"]
[BlackElo "1500"]

1. e4 d6 2. d4 Nf6 3. Nc3 Nbd7 4. Nf3 e5 5. dxe5 dxe5 6. Bc4 Be7 7. O-O c6 8.
h3 Qc7 9. Be3 O-O 10. a3 Nc5 11. Bxc5 Bxc5 12. Qe2 Nh5 13. Ng5 Ng3 14. Bxf7+
Rxf7 15. Qc4 Nxf1 16. Nxf7 Qxf7 17. Qxc5 Nd2 18. Rd1 Nf3+ 19. gxf3 Bxh3 20. Kh2
Qxf3 21. Rg1 Qh5 22. Rg3 Bg4+ 23. Kg1 Bf3 24. Rxf3 Qxf3 25. Qxe5 Rf8 26. Qg3
Qxg3+ 27. fxg3 Rd8 0-1

[Event "Julian Mazur Memorial"]
[Site "Wellington Chess Club"]
[Date "2020.07.30"]
[Round "7.16"]
[White "Malyavin, Ilya"]
[Black "Carroll, Lewis"]
[Result "1-0"]
[WhiteElo "1500"]
[BlackElo "1681"]

1. e4 e5 2. Nf3 Nc6 3. Bc4 Nf6 4. d3 d5 5. exd5 Nxd5 6. O-O Nb6 7. Bb5 Bd6 8.
Bxc6+ bxc6 9. Re1 Qe7 10. Qe2 O-O 11. d4 Bg4 12. Qe4 f5 13. Qxc6 e4 14. Bg5 Qf7
15. Ne5 Bxe5 16. dxe5 Qg6 17. Qxg6 hxg6 18. Nd2 Nd5 19. a3 Rab8 20. c4 Nb6 21.
b3 Nd7 22. f4 Nc5 23. Re3 Rf7 24. b4 Ne6 25. h4 Rd7 26. Nb3 c5 27. Nxc5 Nxc5
28. bxc5 Rc7 29. Rc1 Rxc5 30. Be7 Rc6 31. Bd6 Rb2 32. c5 Kf7 33. e6+ Kxe6 34.
Rcc3 Kd5 35. Rb3 Rxb3 36. Rxb3 Kc4 37. Rb7 a6 38. Kf2 Bh5 39. Ke3 Kc3 40. Rb6
Rc8 41. c6 Kc4 42. c7 1-0

[Event "Julian Mazur Memorial"]
[Site "Wellington Chess Club"]
[Date "2020.07.30"]
[Round "7.17"]
[White "Yu, Johnson"]
[Black "Dixon, Hamish"]
[Result "0-1"]
[WhiteElo "1193"]
[BlackElo "1679"]

1. e4 c5 2. Nf3 d6 3. c3 Nf6 4. Qc2 Nc6 5. d4 cxd4 6. cxd4 Bg4 7. d5 Bxf3 8.
gxf3 Ne5 9. Bb5+ Ned7 10. Be3 a6 11. Be2 Rc8 12. Qa4 g6 13. Bd2 Qc7 14. Nc3 Bg7
15. Rc1 Qb6 16. Bf1 O-O 17. Bh3 Nc5 18. Qc2 e6 19. dxe6 Nxe6 20. Be3 Qa5 21.
Qb3 Nc5 22. Bxc5 Rxc5 23. Qxb7 Nh5 24. b4 Rxc3 25. bxa5 Rxc1+ 26. Kd2 Rxh1 27.
Ke3 Be5 28. Qxa6 Nf4 29. Bf1 Ne6 30. Bc4 Re1+ 31. Kd2 Nc5 32. Qc6 Rb1 33. a6
Rb2+ 34. Ke3 Rbb8 35. Qc7 Ne6 36. Qa5 Bd4+ 37. Kd3 Ba7 38. Bxe6 fxe6 39. Qc7
Ra8 40. Qe7 Rfe8 41. Qf6 Bxf2 42. Ke2 Bc5 43. f4 Rxa6 44. Qb2 Rea8 45. Kf3 Rxa2
46. Qb7 R8a3+ 47. Kg4 Rg2+ 48. Kh4 Bf2# 0-1

[Event "Julian Mazur Memorial"]
[Site "Wellington Chess Club"]
[Date "2020.07.30"]
[Round "7.18"]
[White "Aldridge, Alan"]
[Black "Cooke, Xandi"]
[Result "1-0"]
[WhiteElo "1870"]
[BlackElo "1444"]

1. e4 c5 2. Nf3 d6 3. Bb5+ Bd7 4. Bxd7+ Nxd7 5. O-O { This was the first move
that took me by surprise as I was expecting   (5.d4 cxd4 6.Nxd4)} 5... Ngf6 6.
Re1 {Again surprised not to see Nc3 like usual} 6... g6 7. c3 Bg7 8. d4 cxd4 9.
cxd4 O-O 10. Nc3 Rc8 11. Qe2 Nb6 12. Bg5 Re8 13. Rad1 Qc7 14. Rc1 Qc4 15. Qd2
e6 16. Qf4 Nfd7 17. Qxd6 Rc6 18. Qa3 a6 {Stockfish indicates that this was a
completely awful move taking a +1.7 advantage to +4.1.} 19. Nd5 Qb5 20. Ne7+
Rxe7 21. Bxe7 Nc4 22. Qb4 Qxb4 23. Bxb4 Nxb2 {Things are not getting much
better are they.} 24. Rxc6 bxc6 25. Rb1 Nd3 26. Ba3 h5 27. g3 Nf6 28. Rd1 Nxf2
29. Kxf2 Nxe4+ {Part of the last ditch effort. I was just hoping that somehow
in some universe Ke2 was played} 30. Kg2 {Alas.} 30... Nc3 31. Rc1 Nb5 {No more
attacks left for me here to earn my material back.} 32. Bb2 {Black Resigns 1-0.
Well played  } 1-0

[Event "Julian Mazur Memorial"]
[Site "Wellington Chess Club"]
[Date "2020.07.30"]
[Round "7.19"]
[White "Hurndell, Robert"]
[Black "Brockway, Andrew"]
[Result "0-1"]
[WhiteElo "1623"]
[BlackElo "1803"]

1. e4 c5 2. Nf3 g6 3. Nc3 Nc6 4. d4 cxd4 5. Nxd4 Bg7 6. Be3 Nf6 7. Nb3 O-O 8.
Be2 d6 9. O-O Bd7 10. h4 h5 11. Nd4 Qc8 12. Nf3 Ng4 13. Bf4 Nce5 14. Nd5 Qd8
15. Nxe5 Nxe5 16. Bg5 f6 17. Bf4 Nf7 18. c3 e6 19. Ne3 Bc6 20. Qc2 Ne5 21. Rad1
Qc7 22. Nc4 d5 23. exd5 Bxd5 24. Nxe5 fxe5 25. Bg3 Qf7 26. Bd3 Kh7 27. Rde1
Rad8 28. Bxe5 Bxe5 29. Rxe5 Bxg2 30. Bxg6+ Qxg6 31. Rxh5+ Kg7 32. Qxg6+ Kxg6
33. Rg5+ Kh6 34. Kxg2 Rd2 35. Kg3 Rxb2 36. f4 Rxa2 37. Re1 Rf6 38. Rge5 Ra6 39.
Kg4 Rc6 40. Rg5 Rg6 41. Rxg6+ Kxg6 42. h5+ Kh6 43. Re5 b6 44. Rg5 Kh7 45. Rg6
a5 46. f5 exf5+ 47. Kxf5 Rxg6 48. hxg6+ Kg7 49. Ke4 Kxg6 50. Kd3 Kf5 51. Kc2
Ke4 52. Kb2 Kd5 53. Ka3 Kc4 54. Kb2 Kd3 55. Kb3 b5 { } 0-1

[Event "Julian Mazur Memorial"]
[Site "Wellington Chess Club"]
[Date "2020.07.30"]
[Round "7.20"]
[White "Shepherd, Blake"]
[Black "Rabina, Romeo"]
[Result "0-1"]
[WhiteElo "1456"]
[BlackElo "1683"]

1. d4 b6 2. Nf3 Bb7 3. e3 e6 4. c4 Nf6 5. Nc3 Bb4 6. Be2 Ne4 7. Qd3 Bxc3+ 8.
bxc3 d6 9. Ba3 Nd7 10. O-O O-O 11. Rab1 f5 12. Bd1 Rf6 13. Ba4 Rg6 14. Ne1 Ng5
15. c5 Be4 16. Qb5 a6 17. Qb3 b5 18. Bxb5 axb5 19. Nc2 Nh3+ 0-1

[Event "Julian Mazur Memorial"]
[Site "Wellington Chess Club"]
[Date "2020.07.30"]
[Round "7.21"]
[White "Coppenolle, Florian"]
[Black "Ross, Matt"]
[Result "0-1"]
[WhiteElo "1500"]
[BlackElo "1889"]

1. d4 Nf6 2. c4 e5 3. dxe5 Ng4 4. Nf3 Nc6 5. Nc3 Ngxe5 6. Nxe5 Nxe5 7. e3 Bb4
8. Bd2 Qf6 9. Nd5 Bxd2+ 10. Qxd2 Qc6 11. Qd4 Qd6 12. f4 Ng6 13. Qxg7 c6 14.
Nf6+ Ke7 15. Ne4 Qb4+ 16. Qc3 a5 17. a3 Qxc3+ 18. Nxc3 b6 19. g3 f5 20. Bg2 Kf6
21. O-O Ba6 22. Rfd1 Rad8 23. b3 Rhe8 24. e4 Bb7 25. exf5 Kxf5 26. Bh3+ Kf6 27.
Rxd7 Rxd7 28. Bxd7 Re3 29. Rc1 Rd3 30. Bg4 Ne7 31. Be2 Re3 32. Kf2 Re6 33. Bg4
Nf5 34. Rd1 Re3 35. Ne2 Rxb3 36. Bxf5 Rxa3 37. Bxh7 b5 38. Rd7 Ba8 39. Ra7 b4
40. Rxa8 b3 41. Ra6 a4 42. Rxc6+ Kg7 43. Be4 Ra1 44. Ra6 a3 45. c5 a2 46. c6 b2
47. Nc3 Rf1+ 48. Kg2 a1=Q 0-1

[Event "Julian Mazur Memorial"]
[Site "Wellington Chess Club"]
[Date "2020.07.30"]
[Round "7.22"]
[White "Osborne, Geoff"]
[Black "Kibblewhite, Daniel"]
[Result "0-1"]
[WhiteElo "1287"]
[BlackElo "1640"]

1. Nf3 d5 2. g3 c5 3. Bg2 Nc6 4. O-O Nf6 5. d3 Bg4 6. Nbd2 e6 7. a3 Bd6 8. Qe1
O-O 9. e4 e5 10. h3 Bd7 11. Qe2 d4 12. Re1 Qc8 13. h4 Bh3 14. Bh1 h6 15. Nf1
Ng4 16. N1h2 Be7 17. Bg2 Nf6 18. Kh1 Bxg2+ 19. Kxg2 Ng4 20. Rh1 Nxh2 21. Rxh2
Qg4 22. Bd2 h5 23. Re1 f6 24. Qd1 b5 25. Rhh1 c4 26. Qa1 cxd3 27. cxd3 Qe6 28.
Rc1 Rac8 29. Ne1 Qb3 30. Qb1 b4 31. axb4 Bxb4 32. Bxb4 Nxb4 33. Rd1 Rc7 34. Nf3
Rfc8 35. Nd2 Qxd3 36. Qxd3 Nxd3 37. Rb1 Rc1 38. Nb3 Rxh1 39. Kxh1 Rb8 40. Na5
Rxb2 41. Rxb2 Nxb2 42. Nb3 Nd3 43. Kg2 Kf7 44. Kf1 Nb4 45. Ke2 Ke6 46. Kd2 Kd6
47. f3 Kc6 48. Na5+ Kb5 49. Nb7 a5 50. Nd6+ Kc5 0-1

[Event "Julian Mazur Memorial"]
[Site "Wellington Chess Club"]
[Date "2020.07.30"]
[Round "7.23"]
[White "Farrington, Lawrence"]
[Black "Dunlop, Rafe"]
[Result "1/2-1/2"]
[WhiteElo "1639"]
[BlackElo "1397"]

1. e4 c5 2. Nf3 Nc6 3. Bb5 Qc7 4. Nc3 e6 5. O-O Nf6 6. Bxc6 Qxc6 7. Re1 d6 8.
d4 cxd4 9. Nxd4 Qd7 10. Bg5 Be7 11. Ndb5 a6 12. Bxf6 gxf6 13. Nd4 b5 14. f4 Bb7
15. f5 e5 16. Nf3 Qc6 17. Nd5 Rc8 18. Nxe7 Kxe7 19. c3 Qc5+ 20. Kh1 b4 21. Rc1
Qc4 22. b3 Qc5 23. c4 h5 24. Qe2 Rcg8 25. Qe3 Rg4 26. Qxc5 dxc5 27. Nd2 h4 28.
Re2 Rd8 29. Rce1 Rd4 30. h3 Rf4 31. Kh2 Bc6 32. Kg1 a5 33. Kh2 a4 34. Kg1 Rd3
35. Rb1 Rd4 36. Rbe1 axb3 37. axb3 Kf8 38. Rf1 Rxf1+ 39. Kxf1 Kg7 1/2-1/2

[Event "Julian Mazur Memorial"]
[Site "Wellington Chess Club"]
[Date "2020.07.30"]
[Round "7.24"]
[White "Bielski, Nikolas"]
[Black "Shyamsundar, Tejas"]
[Result "1/2-1/2"]
[WhiteElo "1500"]
[BlackElo "1500"]

1. c4 c5 2. Nc3 Nc6 3. g3 Nf6 4. Bg2 g6 5. Nf3 Bg7 6. O-O O-O 7. d4 cxd4 8.
Nxd4 e6 9. e4 Nxd4 10. Qxd4 Nd5 11. Qd3 Nxc3 12. bxc3 Qa5 13. Bd2 Rb8 14. Qd6
Be5 15. Qd3 b5 16. f4 bxc4 17. Qc2 Bg7 18. e5 Bb7 19. Bxb7 Rxb7 20. Qe4 Qc7 21.
Rab1 Rfb8 22. h4 Bf8 23. Be3 Bc5 24. Rbd1 Bxe3+ 25. Qxe3 1/2-1/2

[Event "Julian Mazur Memorial"]
[Site "Wellington Chess Club"]
[Date "2020.07.30"]
[Round "7.25"]
[White "Darr, Samuel"]
[Black "Stannard, Lars"]
[Result "1-0"]
[WhiteElo "1652"]
[BlackElo "1552"]

1. e4 e5 2. Nf3 d6 3. Bc4 h6 4. Nc3 c6 5. Qe2 Nf6 6. O-O Bg4 7. h3 Bxf3 8. Qxf3
Be7 9. Rd1 b5 10. Bb3 a5 11. a3 Nbd7 12. d4 exd4 13. Rxd4 Ne5 14. Qg3 a4 15.
Ba2 Nh5 16. Qe3 O-O 17. f4 c5 18. Rd5 Nc4 19. Bxc4 bxc4 20. Rxh5 Bf6 21. Qf2
Bd4 22. Be3 Qb6 23. Bxd4 cxd4 24. Rb5 Qa7 25. Nd5 Rfe8 26. Re1 d3 27. Qxa7 Rxa7
28. cxd3 cxd3 29. Rd1 Rxe4 30. Rxd3 Rd7 31. Rg3 Re6 32. f5 1-0

[Event "Julian Mazur Memorial"]
[Site "Wellington Chess Club"]
[Date "2020.07.30"]
[Round "7.26"]
[White "Asher, Bruce"]
[Black "Wang, Cheng Qi(Max)"]
[Result "1-0"]
[WhiteElo "1187"]
[BlackElo "1500"]

1. d4 e6 2. c4 c5 3. d5 Nf6 4. Nc3 b6 5. Nf3 Bb7 6. e4 d6 7. Bd3 e5 8. Qa4+ Qd7
9. Nb5 a6 10. Nc7+ Kd8 11. Qxd7+ Nfxd7 12. Nxa8 Bxa8 13. O-O Be7 14. Ng5 Ke8
15. Be2 h6 16. Nf3 Nf6 17. Bd3 Kf8 18. h3 g5 19. Be3 Nh5 20. Rab1 Nf4 21. Bc2
f6 22. b4 Nd7 23. bxc5 bxc5 24. Ba4 Ke8 25. Rb8+ Kf7 26. Rxh8 Bb7 27. Rh7+ Ke8
28. Rb1 Bc8 29. Bxd7+ Bxd7 30. Rb8+ Bd8 31. Rxh6 Ne2+ 32. Kh2 Nf4 33. Rxf6 Ke7
34. Rh6 Bc7 35. Rb7 Bd8 36. Nxg5 Ke8 37. Rh7 Bxg5 38. Rbxd7 Bd8 39. Rb7 Ng6 40.
Rb8 Nf8 41. Rh6 Nd7 42. Rh8+ 1-0